000 00422nam a2200157Ia 4500
999 _c19514
_d19514
003 OSt
005 20200611111132.0
008 190216s9999||||xx |||||||||||||| ||und||
040 _coclc
082 _a291
_bISL/G
100 _aIslam
_92778
245 0 _aGlimpses Of World Religions /
_cIslam
260 _bRavik Arts&Printers,
_c1984.
300 _a267p
942 _cBK
_2ddc
_h291
_iISL/G
_k291
_mISL/G